Unit Test Prioritization

Gespeichert in:
Bibliographische Detailangaben
1. Verfasser: Zahradniček, Tamáš (Verfasst von)
Weitere Verfasser: Sulaiman Khail, Waheedullah (Betreuung Doktorarbeit)
Format: Manuskript Buch
Sprache:Slowakisch
Englisch
Veröffentlicht: 2022
Schlagworte:
Online-Zugang:http://is.stuba.sk/zp/portal_zp.pl?podrobnosti=148622
Tags: Tag hinzufügen
Keine Tags, Fügen Sie das erste Tag hinzu!

MARC

LEADER 00000ntm a22000003a 4500
001 stuzp88119
003 SK-STU
005 20220625211122.4
007 ta
008 150427s2015----xo-----f-mn---000-0-slo-d
040 |a STU  |b slo 
041 0 |a eng 
100 1 |a Zahradniček, Tamáš  |u 070200  |4 aut  |U FIIT Fakulta informatiky a informačných technológií  |T FIIT Ústav informatiky, informačných systémov a softvérového inžinierstva  |X 97112  |U I200  |Y 179  |7 97112 
242 0 1 |a Prioritizácia Unit Testov  |y slo 
245 1 0 |a Unit Test Prioritization 
260 |c 2022 
650 4 |a Prioritizácia  |2 slo 
650 4 |a Unit testing  |2 slo 
650 4 |a Testovanie softwéru  |2 slo 
650 4 |a Unit testing  |2 eng 
650 4 |a Prioritization  |2 eng 
650 4 |a Software testing  |2 eng 
700 1 |a Sulaiman Khail, Waheedullah  |u 070000  |k Z3  |4 ths  |T FIIT Fakulta informatiky a informačných technológií  |X 88314  |U I  |Y 70  |7 88314 
856 4 |u http://is.stuba.sk/zp/portal_zp.pl?podrobnosti=148622